| 000 | 00958nam a22002657a 4500 | ||
|---|---|---|---|
| 008 | 081128t xxu||||| |||| 00| 0 eng d | ||
| 010 | _aENG-91903 | ||
| 020 |
_a9788125927938 _c255.00 |
||
| 020 |
_a812592793X _c255.00 |
||
| 035 | _aEN-75436 | ||
| 037 | _bDBAD / PUB | ||
| 040 |
_adpl _bEnglish |
||
| 082 | _a380.07 | ||
| 100 | _aAggarwal, J.C. | ||
| 245 |
_aTeaching of commerce: _cby J.C. Aggarwal _ba practical approach / |
||
| 250 | _a2nd ed | ||
| 260 |
_aNew Delhi _bVikas Publishing House _c2008 |
||
| 270 |
_a576, Masjid Road, Jangpura, _bNew Delhi _e110014 |
||
| 300 |
_aviii, 463p. _c22cm (pbk) |
||
| 500 | _aIncludes index | ||
| 650 | _aBusiness education | ||
| 650 |
_aCommerce _xStudy and teaching |
||
| 942 |
_2ddc _cEN _mAGG _h380.07 |
||
| 999 |
_c19266 _d19266 |
||